Legal doctrine and self imposed norms : examining the politics of stare decisis.

Bibliographic Details
Main Author: Craig, Mckinzie
Other Authors: Rogers, James R. (Thesis advisor)
Format: Thesis eBook
Language:English
Published: [College Station, Tex.] : [Texas A&M University], [2012]
Subjects:
Online Access:Link to OAK Trust copy

MARC

Tag First Indicator Second Indicator Subfields
LEADER 00000cam a2200000Ka 4500
001 in00002781996
005 20150922143725.0
006 m fo d
007 cr unu||||||||
008 121116s2012 txu obm 000 0 eng d
035 |a (OCoLC)ocn818345045 
035 |a (OCoLC)818345045 
035 |a (TxCM)http://hdl.handle.net/1969.1/ETD-TAMU-2012-08-11588 
040 |a TXA  |c TXA  |d UtOrBLW 
049 |a TXAM 
099 |a 2012  |a Dissertation  |a 1969.1/ETD-TAMU-2012-08-11588 
100 1 |a Craig, Mckinzie. 
245 1 0 |a Legal doctrine and self imposed norms :  |b examining the politics of stare decisis. 
264 1 |a [College Station, Tex.] :  |b [Texas A&M University],  |c [2012] 
300 |a 1 online resource. 
336 |a text  |b txt  |2 rdacontent 
337 |a computer  |b c  |2 rdamedia 
338 |a online resource  |b cr  |2 rdacarrier 
500 |a "Major Subject: Political Science" 
588 |a Description from author supplied metadata (automated record created 2012-10-22 13:24:58). 
502 |b Doctor of Philosophy  |c Texas A&M University  |d 2012  |o http://hdl.handle.net/1969.1/ETD-TAMU-2012-08-11588 
504 |a Includes bibliographical references. 
516 |a Text (Dissertation) 
520 3 |a The "law versus politics" debate is central in the study of the Supreme Court's institutional role in US democracy and law making. Research has sought to determine if the Supreme Court is an unconstrained political actor or if it is constrained by precedent. This dissertation contributes to this debate by theorizing that there is not a direct tradeoff; instead, even a politically motivated Court can be constrained by precedent. Given precedent is an internally imposed norm, what incentive does a politically motivated Supreme Court have to adhere to precedent when it results in outcomes that deviate from the Court's most preferred ideological outcome? There has been a lack of theoretical development and empirical testing that would explain the Court's incentive to adhere to precedent. I argue that even a politically motivated Supreme Court has an interest in adhering to precedent as a means of control over the lower courts. The Court has a role as a principal with the Courts of Appeals acting as an agent. The Supreme Court uses precedent as a standard that guides lower court decision-making in thousands of cases that the Court will never hear. The Supreme Court is willing to sacrifice the dispositional outcome (who wins and who loses) in a given case to issue or adhere to a precedent that will better guide lower court decision-making in a given area. To test this theory, this project will construct an original data set using a new measure of precedent. Specifically, "the law" and "precedent" for a case will be coded in terms of the standard of review. The standard of review can be understood as a precise legal statement of which party has the burden of proof or justification in a given case and the nature of that burden. This is an ordinal measure (coded 0-4) based on the Court's finite legal rules in a given area of law (rational basis, heightened rational basis, intermediate, heightened intermediate and strict). This novel understanding better captures the legal content of court opinions. 
500 |a Electronic resource. 
650 4 |a Major Political Science. 
653 |a us supreme court 
653 |a judicial politics 
653 |a stare decisis 
653 |a gender equal protection 
700 1 |a Rogers, James R.,  |e thesis advisor. 
856 4 0 |u http://hdl.handle.net/1969.1/ETD-TAMU-2012-08-11588  |z Link to OAK Trust copy  |t 0 
994 |a C0  |b TXA 
948 |a cataloged  |b h  |c 2012/11/16  |d o  |e blrosas  |f 12:45:16 pm 
999 |a MARS 
999 f f |s 8587137d-f0fc-3bbf-b7b9-3f4f3b7a0d16  |i fdd73b8f-2ee0-3cac-b282-eb4887d85918  |t 0 
952 f f |a Texas A&M University  |b College Station  |c Electronic Resources  |d Available Online  |t 0  |e 2012 Dissertation 1969.1/ETD-TAMU-2012-08-11588  |h Other scheme 
998 f f |a 2012 Dissertation 1969.1/ETD-TAMU-2012-08-11588  |t 0  |l Available Online